Ciencia y conducta humana

Shranjeno v:
Bibliografske podrobnosti
Glavni avtor: Skinner, Burrhus Frederick (Author)
Format: Knjiga
Jezik:španščina
Izdano: Barcelona Fontanella 1977
Izdaja:4a. ed
Serija:Conducta Humana, 3
Teme:
Oznake: Označite
Brez oznak, prvi označite!

MARC

LEADER 00000nam a2200000 a 4500
001 UCZ2559
003 CL-VaPUC
008 951005e19770000SP |||||||||||||||||spa|d
082 0 4 |a 150.194  |b SKI  |2 21 
100 0 |a Skinner, Burrhus Frederick  |e author  |9 336267 
245 1 0 |a Ciencia y conducta humana 
250 |a 4a. ed 
300 |a 482 p 
942 |c BK 
945 |d 19951005 00:00:00  |a cmena 
260 |a Barcelona  |b Fontanella  |c 1977 
650 0 |a Psicología aplicada   |9 270762 
650 0 |a Comportamiento   |9 308406 
650 0 |a Emociones   |9 265224 
650 0 |a Naturaleza humana   |9 308593 
650 7 |a PSICOTERAPIA  |2 CL-VaPUC  |9 346344 
650 0 |a Cultura  |9 269059 
583 |a last modification  |c 19951005 00:00:00  |k Rodrigo Vera 
490 0 |a Conducta Humana, 3 
999 |c 239134  |d 239132 
952 |0 0  |1 0  |4 0  |6 150_194000000000000_SKI_1977  |7 0  |8 A  |9 249985  |a BIBEDU  |b BIBEDU  |d 2019-11-18  |i 1568167  |o 150.194 SKI 1977  |p 1568167  |r 2019-11-18  |w 2019-11-18  |y BK  |k FIL